TEXT BOOK OF PEDIATRIC INFECTIOUS DISEASES (Record no. 14706)

MARC details
000 -LEADER
fixed length control field 00346nam a22001457a 4500
003 - CONTROL NUMBER IDENTIFIER
control field SGT
020 ## - INTERNATIONAL STANDARD BOOK NUMBER
International Standard Book Number 978-93-5090-377-3
082 ## - DEWEY DECIMAL CLASSIFICATION NUMBER
Classification number 618.92
Item number P13P
100 ## - MAIN ENTRY--PERSONAL NAME
Personal name PARTHASARATHY, A,ED.
245 ## - TITLE STATEMENT
Title TEXT BOOK OF PEDIATRIC INFECTIOUS DISEASES
260 ## - PUBLICATION, DISTRIBUTION, ETC. (IMPRINT)
Place of publication, distribution, etc NEW DELHI
Name of publisher, distributor, etc JAYPEE PUB
Year of Publication 2013
300 ## - PAGE DESCRIPTION
No. of Pages 608
650 ## - SUBJECT ADDED ENTRY--TOPICAL TERM
Topical term or geographic name as entry element AYURVEDA
942 ## - ADDED ENTRY ELEMENTS (KOHA)
Source of classification or shelving scheme Dewey Decimal Classification
Koha item type Books
942 ## - ADDED ENTRY ELEMENTS (KOHA)
-- 1
Holdings
Withdrawn status Lost status Source of classification or shelving scheme Damaged status Use restrictions Not for loan Collection code Home library Current library Shelving location Date acquired Vendor Name Cost, normal purchase price SGTU Bill Number Full call number Accession No. (Barcode) Date last seen Bill Date Koha item type Total Checkouts Date last borrowed
    Dewey Decimal Classification   Restricted Access   AYURVEDA SGT FA-FP Library SGT FA-FP Library Reference Book 24/01/2018 AHUJA PUB 995.00 SGTU 9136 618.92 P13P FA7799 24/01/2018 04/01/2018 Books    
    Dewey Decimal Classification   Restricted Access   AYURVEDA SGT FA-FP Library SGT FA-FP Library Reference Book 24/01/2018 AHUJA PUB 995.00 SGTU 9136 618.92 P13P FA7800 24/01/2018 04/01/2018 Books    
    Dewey Decimal Classification       AYURVEDA SGT FA-FP Library SGT FA-FP Library Text Book 24/01/2018 AHUJA PUB 995.00 SGTU 9136 618.92 P13P FA7801 26/11/2022 04/01/2018 Books 1 21/11/2022